000 00538nam a22001697a 4500
005 20251108175534.0
008 250721s2017 xx 000 0 ara d
082 1 4 _a920.2/رشي
100 1 _aآل رشيد، محمد بن عبدالله
245 1 0 _aالأشادة و التعريف بمن بر أباه بالتأليف /
264 1 _aعمان :
_bدار الفتح للدراسات والنشر،
_c2017.
300 _a382ص.
650 1 7 _aالتراجم
650 1 7 _aالمؤلفون
942 _2ddc
_cBK
999 _c136495
_d136495